[Event "Asian Schools-ch 12th U17 Girls"]
[Site "Tehran"]
[Date "2016.07.11"]
[Round "1.3"]
[White "Ghazizadeh, Asana"]
[Black "Rafiei, Tannaz"]
[Result "0-1"]
[WhiteElo "1884"]
[BlackElo "1587"]
[PlyCount "58"]
[EventDate "2016.07.11"]
[EventType "swiss"]
[EventRounds "9"]
[EventCountry "IRI"]
[SourceTitle "EXT 2024"]
[Source "ChessBase"]
[SourceDate "2023.10.10"]
[SourceVersion "1"]
[SourceVersionDate "2023.10.10"]
[SourceQuality "1"]

1. d4 Nf6 2. c4 g6 3. Nc3 Bg7 4. e4 d6 5. f4 0-0 6. Nf3 c5 7. d5 e6 8. Bd3 exd5 9. cxd5 b5 10. 0-0 Bd7 11. e5 dxe5 12. fxe5 Ng4 13. h3 Nxe5 14. Nxe5 Bxe5 15. Bxb5 Bxc3 16. Bxd7 Bd4+ 17. Kh1 Qxd7 18. Bh6 Bg7 19. Bxg7 Kxg7 20. d6 Rd8 21. Qd5 Nc6 22. Rad1 Nd4 23. b4 Qe6 24. Qb7 Rab8 25. Qxa7 Rxb4 26. Qxc5 Qxd6 27. Qc3 Rb7 28. Rfe1 Rc7 29. Qb2 Qd5 0-1

[Event "IRI-ch (Women)"]
[Site "Tehran"]
[Date "2016.01.18"]
[Round "4"]
[White "Asadi, Motahare"]
[Black "Ghazizadeh, Asana"]
[Result "1-0"]
[WhiteElo "1833"]
[BlackElo "1864"]
[PlyCount "69"]
[EventDate "2016.01.16"]
[EventType "swiss"]
[EventRounds "9"]
[EventCountry "IRI"]
[SourceTitle "CBM 170 Extra"]
[Source "ChessBase"]
[SourceDate "2016.02.25"]
[SourceVersion "1"]
[SourceVersionDate "2016.02.25"]
[SourceQuality "1"]

1. d4 e6 2. c4 Nf6 3. Nf3 Bb4+ 4. Bd2 Qe7 5. a3 Bxd2+ 6. Qxd2 0-0 7. Nc3 d6 8. g3 e5 9. Bg2 Nbd7 10. e4 a5 11. 0-0 Nb6 12. Qd3 a4 13. dxe5 dxe5 14. Nd5 Nbxd5 15. cxd5 Bg4 16. Rfe1 Nd7 17. Rac1 Bxf3 18. Bxf3 Nc5 19. Qb5 b6 20. Red1 Qf6 21. Rc3 g6 22. d6 cxd6 23. Qxb6 Ra6 24. Qb4 Raa8 25. Qb6 Ra6 26. Qb5 Raa8 27. Kg2 Rab8 28. Qc6 Rfd8 29. Rxc5 Qe6 30. Rcd5 Rbc8 31. Qxa4 f5 32. Qb4 Rc6 33. exf5 gxf5 34. Rxe5 Qxe5 35. Bxc6 1-0

[Event "Qazvin op (Women) 18th"]
[Site "Qazvin"]
[Date "2015.08.18"]
[Round "8"]
[White "Ghazizadeh, Asana"]
[Black "Alavi, Homa"]
[Result "1-0"]
[WhiteElo "1807"]
[BlackElo "1991"]
[PlyCount "119"]
[EventDate "2015.08.14"]
[EventType "swiss"]
[EventRounds "11"]
[EventCountry "IRI"]
[SourceTitle "EXT 2016"]
[Source "ChessBase"]
[SourceDate "2015.10.08"]
[SourceVersion "1"]
[SourceVersionDate "2015.10.08"]
[SourceQuality "1"]

1. d4 d5 2. c4 e6 3. cxd5 exd5 4. Nc3 c6 5. Bf4 Bd6 6. Bg3 Nf6 7. e3 Bxg3 8. hxg3 Bf5 9. Nf3 h6 10. Nh4 Bh7 11. Bd3 Bxd3 12. Qxd3 Nbd7 13. Nf5 Kf8 14. 0-0-0 Nb6 15. f3 Rc8 16. g4 Ng8 17. e4 g6 18. Ne3 Kg7 19. Kb1 Ne7 20. e5 Nd7 21. f4 f6 22. Rh2 b5 23. Rdh1 fxe5 24. fxe5 Nxe5 25. dxe5 d4 26. e6 dxe3 27. Qxe3 Nd5 28. Nxd5 Qxd5 29. Qxa7+ Kf6 30. Qf7+ Ke5 31. Rh5+ g5 32. Re1+ Kd6 33. Qd7+ Kc5 34. Rc1+ Kb6 35. Qxd5 cxd5 36. Rxc8 Rxc8 37. Rxh6 Kc7 38. b3 Rf8 39. e7 Rf1+ 40. Kc2 Kd7 41. Re6 Ke8 42. g3 Rf3 43. Re5 Rxg3 44. Rxg5 b4 45. Rxd5 Rxg4 46. Re5 Rg2+ 47. Kd3 Rxa2 48. Kc4 Ra7 49. Kxb4 Rb7+ 50. Kc4 Rc7+ 51. Kd5 Rd7+ 52. Kc6 Rd4 53. Kc5 Rd1 54. b4 Rc1+ 55. Kb6 Rb1 56. b5 Rb2 57. Kc6 Rc2+ 58. Kb7 Rb2 59. b6 Rc2 60. Re6 1-0

[Event "Wch U14 Girls"]
[Site "Al Ain"]
[Date "2013.12.28"]
[Round "11"]
[White "Ghazizadeh, Asana"]
[Black "Mendis, Dasuni Hansika"]
[Result "1-0"]
[WhiteElo "1674"]
[BlackElo "1552"]
[PlyCount "119"]
[EventDate "2013.12.18"]
[EventType "swiss"]
[EventRounds "11"]
[EventCountry "UAE"]
[SourceTitle "CBM 158 Extra"]
[Source "ChessBase"]
[SourceDate "2014.02.28"]
[SourceVersion "1"]
[SourceVersionDate "2014.02.28"]
[SourceQuality "1"]

1. d4 Nf6 2. c4 e6 3. Nc3 Bb4 4. Qc2 Bxc3+ 5. bxc3 b6 6. e4 d6 7. Nf3 Bb7 8. Bd3 h6 9. Bf4 Qe7 10. 0-0 c5 11. Bg3 0-0 12. Nd2 Nh5 13. f4 Nxg3 14. hxg3 Nd7 15. d5 exd5 16. cxd5 Nf6 17. Rae1 Ng4 18. c4 h5 19. Nf3 Rae8 20. e5 Qd8 21. Ng5 Re7 22. Bh7+ Kh8 23. Bg8 f5 24. Ne6 Qe8 25. Nxf8 Kxg8 26. Ne6 dxe5 27. Qxf5 Bc8 28. fxe5 Bxe6 29. dxe6 Rxe6 30. Rf4 Rxe5 31. Rxe5 Qxe5 32. Qxe5 Nxe5 33. Re4 Nc6 34. Kf2 Kf7 35. Ke1 Nb4 36. Re2 g6 37. Kd1 Nc6 38. Kc1 Nd4 39. Re3 Nc6 40. Kb2 Na5 41. Re4 Nc6 42. Ka3 Nd4 43. Ka4 a6 44. Ka3 Nf5 45. Re1 Nxg3 46. Rb1 Nf5 47. Rxb6 Ne3 48. Rxa6 Nxc4+ 49. Kb3 Ne3 50. Rc6 c4+ 51. Kb4 c3 52. Kxc3 Nxg2 53. Kd2 g5 54. a4 h4 55. a5 Nf4 56. a6 h3 57. a7 h2 58. a8Q h1Q 59. Qb7+ Ke8 60. Rc8# 1-0

[Event "Wch U14 Girls"]
[Site "Al Ain"]
[Date "2013.12.21"]
[Round "4"]
[White "Ghazizadeh, Asana"]
[Black "Nass, Sara"]
[Result "1-0"]
[WhiteElo "1674"]
[BlackElo "1425"]
[PlyCount "101"]
[EventDate "2013.12.18"]
[EventType "swiss"]
[EventRounds "11"]
[EventCountry "UAE"]
[SourceTitle "CBM 158 Extra"]
[Source "ChessBase"]
[SourceDate "2014.02.28"]
[SourceVersion "1"]
[SourceVersionDate "2014.02.28"]
[SourceQuality "1"]

1. d4 Nf6 2. c4 g6 3. Nc3 Bg7 4. e4 d6 5. Nf3 0-0 6. Be2 e5 7. 0-0 Nc6 8. d5 Ne7 9. Ne1 Ne8 10. Nd3 f5 11. Bd2 Nf6 12. f3 f4 13. Rc1 g5 14. c5 h5 15. Nb5 Ne8 16. Ba5 b6 17. cxd6 cxd6 18. Be1 a6 19. Na3 Nf6 20. Qb3 g4 21. Nxe5 dxe5 22. d6+ Ned5 23. Bc4 Be6 24. Bxd5 Nxd5 25. exd5 Bf5 26. Nc4 g3 27. hxg3 fxg3 28. Bxg3 Qg5 29. Bh2 Bh3 30. Qc2 Rac8 31. Qd2 Qg6 32. Kh1 Bh6 33. f4 Bf5 34. Nxe5 Qg7 35. Qf2 Kh8 36. Qxb6 Rxc1 37. Rxc1 Rg8 38. Qf2 Be4 39. Nf3 Bxd5 40. Rd1 Bxf3 41. Qxf3 Qd7 42. Qxh5 Kh7 43. Qh3 Qa4 44. Qd3+ Rg6 45. d7 Qc6 46. Qxg6+ Kxg6 47. d8Q Qa4 48. Qd6+ Kh5 49. Rd5+ Kg4 50. Qg6+ Kh4 51. Qh5# 1-0

[Event "Wch U14 Girls"]
[Site "Al Ain"]
[Date "2013.12.20"]
[Round "3"]
[White "Mammadzada, Gunay Vuqar Qizi"]
[Black "Ghazizadeh, Asana"]
[Result "1-0"]
[WhiteElo "2118"]
[BlackElo "1674"]
[PlyCount "75"]
[EventDate "2013.12.18"]
[EventType "swiss"]
[EventRounds "11"]
[EventCountry "UAE"]
[SourceTitle "CBM 158 Extra"]
[Source "ChessBase"]
[SourceDate "2014.02.28"]
[SourceVersion "1"]
[SourceVersionDate "2014.02.28"]
[SourceQuality "1"]

1. e4 e6 2. d4 d5 3. Nd2 Nf6 4. e5 Nfd7 5. Bd3 c5 6. c3 Nc6 7. Ne2 b6 8. 0-0 cxd4 9. cxd4 Nb4 10. Bb1 Ba6 11. Nf3 Rc8 12. a3 Nc6 13. Bd3 Bxd3 14. Qxd3 Be7 15. Nf4 g6 16. b4 Ndb8 17. Nh3 h6 18. Nf4 Kd7 19. Be3 Rg8 20. Ne2 h5 21. Nd2 Qf8 22. Nb3 Bd8 23. b5 Ne7 24. f4 Nf5 25. Bd2 Qg7 26. Rac1 Be7 27. Nc3 Rc7 28. a4 Rgc8 29. a5 bxa5 30. Nxa5 Nxd4 31. Na4 Nf5 32. b6 axb6 33. Nxb6+ Kd8 34. Nxc8 Bc5+ 35. Rxc5 Rxc5 36. Nb7+ Kxc8 37. Nxc5 g5 38. Qb5 1-0